|
|
|
|
| LEADER |
00000nam0a2200000 4500 |
| 001 |
301272 |
| 005 |
20231102001402.0 |
| 020 |
|
|
|a RU
|b 83-27650
|
| 035 |
|
|
|a (RuTPU)RU\TPU\book\326444
|
| 090 |
|
|
|a 301272
|
| 100 |
|
|
|a 20150728d1983 k y0rusy5003 ca
|
| 101 |
0 |
|
|a rus
|
| 102 |
|
|
|a RU
|
| 105 |
|
|
|a a z 001zy
|
| 200 |
1 |
|
|a Позднекайнозойские грызуны и зайцеобразные территории СССР
|e К XI конгрессу ИНКВА Москва, 1982
|f А. К. Агаджанян, М. А. Ербаева
|d Late canozoic rodents and lagomorphs of the USSR.
|
| 210 |
|
|
|a Москва
|c Наука
|d 1983
|
| 215 |
|
|
|a 189 с.
|c ил.
|
| 320 |
|
|
|a Библиогр.: с. 178-187
|
| 510 |
1 |
|
|a Late canozoic rodents and lagomorphs of the USSR.
|z eng
|
| 606 |
1 |
|
|a Млекопитающие ископаемые
|2 stltpush
|3 (RuTPU)RU\TPU\subj\44131
|9 63504
|
| 610 |
1 |
|
|a грызуны ископаемые
|
| 610 |
1 |
|
|a зайцеобразные ископаемые
|
| 610 |
1 |
|
|a кайнозой
|
| 610 |
1 |
|
|a СССР
|
| 610 |
1 |
|
|a Забайкалье
|
| 610 |
1 |
|
|a Монголия
|
| 610 |
1 |
|
|a Северо-Восток СССР
|
| 610 |
1 |
|
|a филогения
|
| 675 |
|
|
|a 569
|z rus
|v 4
|
| 700 |
|
1 |
|a Агаджанян
|b А. К.
|g Александр Карэнович
|4 070
|
| 701 |
|
1 |
|a Ербаева
|b М. А.
|g Маргарита Александровна
|4 070
|
| 712 |
0 |
2 |
|a Академия наук СССР (АН СССР)
|b Сибирское отделение (СО)
|b Бурятский геологический институт (БГИ)
|c (Улан-Удэ)
|2 stltpush
|3 (RuTPU)RU\TPU\col\11435
|
| 801 |
|
0 |
|a RU
|b RuMRKP
|c 19950704
|g psbo
|
| 801 |
|
1 |
|a RU
|b 63413507
|c 20150728
|
| 801 |
|
2 |
|a RU
|b 63413507
|c 20170808
|g RCR
|
| 942 |
|
|
|c BK
|